| 000 | 00347nam a2200133Ia 4500 | ||
|---|---|---|---|
| 008 | 240624s9999 xx 000 0 und d | ||
| 041 | _aeng | ||
| 082 | _a658 RAN | ||
| 100 | _aRANGNEKAR SHARU | ||
| 245 | _aHOW TO LEARN MANAGEMENT FROM YOUR WIFE | ||
| 260 |
_c2011 _aNew Delhi _bShroff Pub & Dist. Pvt. Ltd |
||
| 300 | _a96 : p. | ||
| 365 |
_cRS _b30 |
||
| 999 |
_c24419 _d24419 |
||